| 000 | 01816nam a22003857a 4500 | ||
|---|---|---|---|
| 005 | 20220316235200.0 | ||
| 008 | 140531b2013 ck a|||g|||| 00| 1sspad | ||
| 020 | _a9789583006456 | ||
| 100 | 1 |
_aRuiz, Clarisa _d1959- |
|
| 245 | 1 | 4 |
_aLos meses del año son ... _cClarisa Ruiz, Yolanda Reyes ilustraciones Alekos |
| 250 | _aEdición especial para el Ministerio de Cultura | ||
| 300 |
_a[48] páginas sin enumerar _bilustraciones a color _c17 cm |
||
| 490 | _aQue pase el tren | ||
| 490 | _aLeer es mi cuento | ||
| 500 | _aIncluye datos biográficos del autor | ||
| 520 | _aLas rimas que conforman este libro invitan a valorar y descifrar los misterios mágicos del paso del tiempo. Entretenidas adivinanzas y canciones permiten el aprendizaje de estas importantes nociones temporales así como su valoración simbólica, vital para que el año pase lleno de emoción para los pequeños lectores. | ||
| 521 | _aRecomendado para niños a partir de 4 a 6 años | ||
| 650 | 1 | 4 |
_2LEMB _aPoesía infantil colombia _ySiglo XX |
| 650 | 1 | 4 |
_2LEMB _aLiteratura infantil colombiana _ySiglo XX |
| 650 | 1 | 4 |
_2LEMB _aAdivinanzas en la literatura |
| 650 | 1 | 4 |
_2LEMB _aJuegos de lectura |
| 650 | 1 | 4 |
_2LEMB _aJuegos educativos |
| 650 | 1 | 4 |
_2LEMB _aPoesía popular |
| 650 | 1 | 4 |
_2LEMB _aLibros ilustrados para niños |
| 700 | 1 |
_aReyes, Yolanda _d1959- _988799 |
|
| 700 | 1 |
_aAlekos _d1953- _eilustrador _911192 |
|
| 830 | _aColección para la Primera Infancia del Ministerio de Cultura, Plan Nacional de Lectura y Escritura Leer es mi cuento, Primera Infancia 2013 | ||
| 942 |
_2loc _cBKINF |
||
| 264 |
_aBogotá _bPanamericana _c2013 |
||
| 336 |
_atexto _btxt _2rdacontent |
||
| 337 |
_asin mediación _bn _2rdamedia |
||
| 338 |
_avolumen _bnc _2rdacarrier |
||
| 040 |
_aCO-BoRNBP _bspa _erda _cCO-BoRNBP |
||
| 084 | _aP RUI2 | ||
| 999 |
_c153 _d153 |
||